Didaktika manažmentu
Gespeichert in:
| 1. Verfasser: | |
|---|---|
| Körperschaft: | |
| Weitere Verfasser: | , |
| Format: | Buch |
| Sprache: | Slowakisch |
| Veröffentlicht: |
Bratislava
Vydavateľstvo EKONÓM
2009
|
| Schlagworte: | |
| Tags: |
Keine Tags, Fügen Sie das erste Tag hinzu!
|
MARC
| LEADER | 00000nam$a2200000$$$4500 | ||
|---|---|---|---|
| 001 | 0091419 | ||
| 005 | 20240502072023.6 | ||
| 020 | |a 978-80-225-2680-7 | ||
| 041 | 0 | |a slo | |
| 044 | |a SK | ||
| 245 | 1 | 0 | |a Didaktika manažmentu |c Jaromír Novák |
| 264 | 1 | |a Bratislava |b Vydavateľstvo EKONÓM |c 2009 | |
| 300 | |a 212 s. | ||
| 610 | 2 | 0 | |a didaktika |
| 610 | 2 | 0 | |a manažment |
| 610 | 2 | 0 | |a vyučovanie |
| 610 | 2 | 0 | |a učitelia |
| 610 | 2 | 0 | |a ekonómia |
| 100 | 1 | |a Novák, Jaromír, 1978- | |
| 700 | 1 | |a Šlosár, Rudolf | |
| 700 | 1 | |a Horáčková, Alena | |
| 710 | 2 | |a Ekonomická univerzita v Bratislave. Národohospodárska fakulta | |